Normal view
MARC view
- HRM;HRM Gen
Entry Topical Term
001 - CONTROL NUMBER
- control field: 119831
003 - CONTROL NUMBER IDENTIFIER
- control field: OSt
005 - DATE AND TIME OF LATEST TRANSACTION
- control field: 20230224172943.0
008 - FIXED-LENGTH DATA ELEMENTS
- fixed length control field: 230224|| aca||aabn | a|a d
040 ## - CATALOGING SOURCE
- Original cataloging agency: OSt
- Transcribing agency: OSt
150 ## - HEADING--TOPICAL TERM
- Topical term or geographic name entry element: HRM;HRM Gen
670 ## - SOURCE DATA FOUND
- Source citation: Work cat.: (OSt)94509: Bolles R N 113929, What Color is Your Parachute?, 2017